000 00764cam a22002653a 4500
001 28797
003 PGUSA
005 20140828083625.0
008 090501s2009||||xxu|||||s|||||000 p eng d
040 _aPGUSA
_beng
042 _adc
050 4 _aPA
100 1 _aHomer,
_d-750--650
245 1 4 _aThe Odyssey
_h[electronic resource] /
_cHomer
260 _bProject Gutenberg,
_c2009
506 _aPublic domain in the USA.
516 _aElectronic text
653 _aOdysseus (Greek mythology)
653 _aEpic poetry, Greek -- Translations into English
653 _aHomer -- Translations into English
700 1 _aButler, Samuel,
_d1835-1902
830 0 _aProject Gutenberg
_v28797
856 4 0 _uhttp://www.gutenberg.org/ebooks/28797
942 _cEB
999 _c258052
_d258052